• 首页
  • 本馆介绍
  • 公告通知
  • 最新文献
  • 馆藏检索
  • 电子资源
  • 读者导购
  • 参考咨询
  • 我的图书馆
  • 登录
  • 详细信息显示
  • 放入我的书架
  • 预约/预借图书
  • 作者相关作品
  • 分类相关作品
  • 丛书相关作品
  • 出版社相关作品

书目信息

  • 表格格式
  • 工作单格式
  • 卡片格式
书名: Resurrection
作者: [by] L. N. Tolstoy; translated and with an introduction by Rosemary Edmonds.
分册号:
分册名:
出版地: Harmondsworth :
 
出版社: Penguin
出版时间: 1966.
页数: 567 p. ;
开本: 18 cm.
丛书名: The Penguin classics
中图分类号:
科图分类号:
其他分类号: I512.44
主题词:
电子资源:
000 00826nam 2200277I 45x0
001 E0759084626
003 OCoLC
005 20070302162717.90
008 030430s1966 enk 000 1 eng
010    @a 67076053
015    @aB66-22846
040    @aDLC@cSOI@dSOI
041 1  @aeng@hrus
050 00 @aPZ3.T588@bRe38
090    @aK353.2/W5.2
090    @aI512.44
092    @a891.733@bT654voEe
099    @dI512.44@ex2
100 1  @aTolstoy, Leo,@cgraf,@d1828-1910.
240 10 @aVoskresenie.@lEnglish
245 10 @aResurrection / @c[by] L. N. Tolstoy; translated and with an introduction by Rosemary Edmonds.
260    @aHarmondsworth :@bPenguin,@c1966.
300    @a567 p. ;@c18 cm.
440  4 @aThe Penguin classics,@vL184
500    @aTranslation of Voskresenie.
920    @a232010
    
    Resurrection / / [by] L. N. Tolstoy; translated and with an introduction by Rosemary Edmonds.-Harmondsworth : : Penguin, , 1966.
    567 p. ; ; 18 cm.- (The Penguin classics, L184 )
    Translation of Voskresenie.
    
    ISBN
    
●
相关链接 在E读中查询图书 在五车中查询图书 在当当中查询图书 在豆瓣中查询图书


正题名:Resurrection     索取号:I512.44/x2         预约/预借

序号 登录号 条形码 馆藏地/架位号 状态 备注
1 183947   000432115   第二样本阅览室/ [索取号:I512.44/x2] 在馆    
2 183948   000432044   第四借阅区/ [索取号:I512.44/x2] 在馆    
3 183949   000880915   第四借阅区/ [索取号:I512.44/x2] 在馆    
唐山师范学院图书馆 欢迎您!
大连网信软件有限公司© 版权所有